Nadnárodní harmonizace účetnictví
Vykazovanie peňažných tokov. Vykazovanie peňažných tokov podľa IAS 7. Peňažné prostriedky a peňažné ekvivalenty. Členenie činností s ohľadom na vykazovanie peňažných tokov. Začlenenie transakcií do štruktúry výkazu peňažných tokov.
Salvato in:
| Autore principale: | |
|---|---|
| Natura: | Capitolo di libro |
| Lingua: | ceco |
| Soggetti: | |
| Tags: |
Nessun Tag, puoi essere il primo ad aggiungerne!!
|
MARC
| LEADER | 00000naa a2200000 4500 | ||
|---|---|---|---|
| 001 | r043556 | ||
| 005 | 20230913085752.0 | ||
| 041 | 0 | |a cze | |
| 044 | |a CZ | ||
| 245 | 1 | 0 | |a Nadnárodní harmonizace účetnictví |c Vladimír Zelenka |
| 520 | |a Vykazovanie peňažných tokov. Vykazovanie peňažných tokov podľa IAS 7. Peňažné prostriedky a peňažné ekvivalenty. Členenie činností s ohľadom na vykazovanie peňažných tokov. Začlenenie transakcií do štruktúry výkazu peňažných tokov. | ||
| 610 | 2 | 0 | |a účtovníctvo |
| 610 | 2 | 0 | |a štandardy |
| 610 | 2 | 0 | |a IAS |
| 610 | 2 | 0 | |a cash flow |
| 610 | 2 | 0 | |a výkazy účtovné |
| 610 | 2 | 0 | |a prostriedky peňažné |
| 100 | 1 | |a Zelenka, Vladimír | |